[Event "Brasschaat op 17th"]
[Site "Brasschaat"]
[Date "2017.08.22"]
[Round "4"]
[White "Lee, Deon"]
[Black "Van de Griend, Johan"]
[Result "1-0"]
[WhiteElo "2145"]
[BlackElo "1788"]
[PlyCount "45"]
[EventDate "2017.08.19"]
[EventType "swiss"]
[EventRounds "9"]
[EventCountry "BEL"]
[SourceTitle "CBM 180 Extra"]
[Source "ChessBase"]
[SourceDate "2017.10.06"]
[SourceVersion "1"]
[SourceVersionDate "2017.10.06"]
[SourceQuality "1"]

1. d4 d5 2. Nc3 e6 3. e4 dxe4 4. Nxe4 Nd7 5. Nf3 Ngf6 6. Bg5 Be7 7. Nxf6+ Nxf6 8. Bd3 0-0 9. Qe2 c5 10. dxc5 Qa5+ 11. c3 Qxc5 12. 0-0-0 a5 13. Kb1 Nd5 14. Bxe7 Nxe7 15. h4 g6 16. h5 b5 17. hxg6 Nxg6 18. Nh4 Ra7 19. Rh2 b4 20. c4 a4 21. Rdh1 Ba6 22. Nxg6 fxg6 23. Qxe6+ 1-0

[Event "BEL-ch op"]
[Site "Niel"]
[Date "2017.07.04"]
[Round "4"]
[White "Lee, Deon"]
[Black "Mollekens, Roeland"]
[Result "1/2-1/2"]
[WhiteElo "2137"]
[BlackElo "1977"]
[PlyCount "119"]
[EventDate "2017.07.01"]
[EventType "swiss"]
[EventRounds "9"]
[EventCountry "BEL"]
[SourceTitle "EXT 2018"]
[Source "ChessBase"]
[SourceDate "2017.10.13"]
[SourceVersion "1"]
[SourceVersionDate "2017.10.13"]
[SourceQuality "1"]

1. e4 e5 2. Nf3 Nf6 3. Nxe5 d6 4. Nf3 Nxe4 5. Nc3 Nxc3 6. dxc3 Be7 7. Be3 Nd7 8. Qd2 Ne5 9. Be2 Be6 10. b3 c6 11. Nd4 Bd7 12. c4 Qc7 13. 0-0 f6 14. f4 Nf7 15. Bd3 g6 16. Rae1 0-0-0 17. Bf2 Rde8 18. Ne6 Bxe6 19. Rxe6 Bd8 20. Rfe1 Rxe6 21. Rxe6 Qd7 22. Re1 Re8 23. Rxe8 Qxe8 24. Qe1 Qxe1+ 25. Bxe1 f5 26. Kf2 Kd7 27. Kf3 Ke6 28. h3 h5 29. g3 Bf6 30. Ke3 Nh6 31. Be2 Bd8 32. Bc3 Bf6 33. Ba5 b6 34. Be1 Kd7 35. Bf3 Bg7 36. Kd3 Bf6 37. Bf2 Bg7 38. a4 Kc7 39. a5 Bf6 40. axb6+ axb6 41. c3 Be7 42. Bd4 Bf8 43. Bf6 Kd7 44. b4 Ng8 45. Bh8 Ne7 46. Kc2 Bh6 47. Bf6 Ng8 48. Bd4 c5 49. Be3 Nf6 50. Kb3 Kc7 51. Ka4 Bg7 52. Bd2 Bh6 53. Kb5 Bg7 54. Bd5 Nxd5 55. cxd5 Bf6 56. bxc5 bxc5 57. Be1 Bg7 58. c4 Bd4 59. Ba5+ Kd7 60. Be1 1/2-1/2

[Event "BEL-ch U18"]
[Site "Blankenberge"]
[Date "2017.04.14"]
[Round "8"]
[White "Capone, Nicola"]
[Black "Lee, Deon"]
[Result "0-1"]
[WhiteElo "2349"]
[BlackElo "2137"]
[PlyCount "86"]
[EventDate "2017.04.09"]
[EventType "swiss"]
[EventRounds "9"]
[EventCountry "BEL"]
[SourceTitle "CBM 178 Extra"]
[Source "ChessBase"]
[SourceDate "2017.06.22"]
[SourceVersion "1"]
[SourceVersionDate "2017.06.22"]
[SourceQuality "1"]

1. d4 Nf6 2. Nf3 e6 3. e3 b6 4. Bd3 Bb7 5. Nbd2 c5 6. b3 Be7 7. Bb2 0-0 8. 0-0 d5 9. a3 Nbd7 10. Ne5 Rc8 11. Rc1 Ne4 12. Nxd7 Qxd7 13. dxc5 Nxd2 14. Qxd2 Bxc5 15. Qe2 Qe7 16. b4 Bd6 17. f4 f5 18. Bd4 e5 19. fxe5 Bxe5 20. Qf2 Rce8 21. Rce1 Bc6 22. Bxe5 Qxe5 23. Qf4 g6 24. Qd4 Kg7 25. Rf4 Rf7 26. Kf2 Rfe7 27. Re2 Re6 28. g3 R8e7 29. Ke1 Qxd4 30. exd4 Rxe2+ 31. Bxe2 Bb5 32. Rf2 Bxe2 33. Rxe2 Rxe2+ 34. Kxe2 b5 35. Ke3 Kf6 36. Kf4 g5+ 37. Ke3 g4 38. Kf4 h6 39. Ke3 Kg5 40. c4 dxc4 41. d5 Kf6 42. Kd4 Ke7 43. a4 a6 0-1

[Event "Brasschaat op 16th"]
[Site "Brasschaat"]
[Date "2016.08.24"]
[Round "5"]
[White "Lee, Deon"]
[Black "Sadkowsky, Daniel"]
[Result "0-1"]
[WhiteElo "2091"]
[BlackElo "2260"]
[PlyCount "106"]
[EventDate "2016.08.20"]
[EventType "swiss"]
[EventRounds "9"]
[EventCountry "BEL"]
[SourceTitle "CBM 174 Extra"]
[Source "ChessBase"]
[SourceDate "2016.10.10"]
[SourceVersion "1"]
[SourceVersionDate "2016.10.10"]
[SourceQuality "1"]

1. e4 g6 2. d4 Bg7 3. Nc3 d6 4. Be3 a6 5. a4 Nf6 6. h3 b6 7. Nf3 Bb7 8. Bd3 0-0 9. 0-0 e6 10. Qd2 Nc6 11. Bg5 e5 12. d5 Ne7 13. Rfe1 Kh8 14. a5 b5 15. b4 c6 16. dxc6 Bxc6 17. Rad1 Qc7 18. Be3 Qb7 19. Bh6 Rac8 20. Nh4 Bd7 21. Nb1 Rfe8 22. Nf3 Neg8 23. Bg5 h6 24. Bh4 Be6 25. g4 g5 26. Bg3 Ne7 27. Nc3 Qc6 28. Nb1 Ng6 29. c3 Nf4 30. Bxf4 exf4 31. Nd4 Qb7 32. Bc2 Nd7 33. Nf5 Bxf5 34. exf5 Ne5 35. Be4 Nf3+ 36. Bxf3 Qxf3 37. Kh2 Rxe1 38. Qxe1 Be5 39. f6 h5 40. gxh5 Qxh5 41. f3 Qxf3 42. Qg1 Qh5 43. Qg4 Qxg4 44. hxg4 Kh7 45. Kg2 Kg6 46. Kf3 Kxf6 47. Rd3 Ke6 48. Ke4 d5+ 49. Kf3 Rh8 50. Kg2 Rh4 51. Kf3 Rh3+ 52. Ke2 Rxd3 53. Kxd3 f5 0-1

[Event "BEL-ch op"]
[Site "Worriken Buetgenbach"]
[Date "2016.07.05"]
[Round "4.4"]
[White "Van Laeken, Jonathan"]
[Black "Lee, Deon"]
[Result "1-0"]
[WhiteElo "1987"]
[BlackElo "2179"]
[PlyCount "101"]
[EventDate "2016.07.03"]
[EventType "swiss"]
[EventRounds "9"]
[EventCountry "BEL"]
[SourceTitle "EXT 2024"]
[Source "ChessBase"]
[SourceDate "2023.10.10"]
[SourceVersion "1"]
[SourceVersionDate "2023.10.10"]
[SourceQuality "1"]

1. d4 Nf6 2. c4 e6 3. Nc3 Bb4 4. Qc2 0-0 5. a3 Bxc3+ 6. Qxc3 b6 7. Bg5 Bb7 8. f3 d5 9. e3 Nbd7 10. cxd5 Nxd5 11. Bxd8 Nxc3 12. Bh4 Nd5 13. Bf2 Rac8 14. Ne2 c5 15. e4 Ne7 16. Nc3 Nc6 17. dxc5 Nxc5 18. Rd1 Ne5 19. Bd4 Ng6 20. Be3 Rfd8 21. Be2 Rxd1+ 22. Kxd1 Ne5 23. Kc2 Na4 24. Rd1 Nxc3 25. bxc3 Bc6 26. Kb3 Kf8 27. Ba6 Ra8 28. Bf4 Ng6 29. Bc7 Ke8 30. Rd6 Ne7 31. Kb2 h6 32. c4 g6 33. e5 h5 34. h4 Kf8 35. Rxc6 Nxc6 36. Bb7 Rd8 37. Bxc6 Rd2+ 38. Kc3 Rxg2 39. Bd6+ Kg7 40. Be7 Re2 41. Be4 f5 42. exf6+ Kf7 43. Kd4 Rd2+ 44. Ke5 Rd1 45. Bc6 Rd2 46. Kf4 Rg2 47. Be4 Rg1 48. c5 bxc5 49. Bxc5 Ra1 50. Kg5 e5 51. Bd5+ 1-0

[Event "Brasschaat op 13th"]
[Site "Brasschaat"]
[Date "2013.08.18"]
[Round "2"]
[White "Lee, Deon"]
[Black "Leenaerts, Robin"]
[Result "1/2-1/2"]
[WhiteElo "1855"]
[BlackElo "2265"]
[PlyCount "96"]
[EventDate "2013.08.17"]
[EventType "swiss"]
[EventRounds "9"]
[EventCountry "BEL"]
[SourceTitle "CBM 156 Extra"]
[Source "ChessBase"]
[SourceDate "2013.10.22"]
[SourceVersion "1"]
[SourceVersionDate "2013.10.22"]
[SourceQuality "1"]

1. e4 c5 2. Nf3 Nc6 3. Bb5 d6 4. 0-0 Bd7 5. Re1 a6 6. Bxc6 Bxc6 7. d4 cxd4 8. Nxd4 Qc7 9. Nxc6 Qxc6 10. c3 Nf6 11. Qf3 e6 12. Bg5 Be7 13. Nd2 h6 14. Bxf6 Bxf6 15. e5 Qxf3 16. Nxf3 dxe5 17. Nxe5 Rd8 18. Nf3 Ke7 19. Kf1 Rd6 20. Re2 Rhd8 21. Ke1 Rb6 22. Rc1 Rd3 23. Rec2 h5 24. Ke2 Rd8 25. Rd1 Rxd1 26. Kxd1 Rd6+ 27. Ke2 g5 28. h3 Rc6 29. Nd2 g4 30. hxg4 hxg4 31. Ne4 Be5 32. f3 f5 33. Nf2 gxf3+ 34. gxf3 Rc4 35. Nd3 Bc7 36. b3 Rc6 37. c4 e5 38. Nb4 Rh6 39. Nd5+ Kd6 40. Nxc7 Kxc7 41. b4 Rh2+ 42. Kd3 e4+ 43. fxe4 fxe4+ 44. Kc3 Rxc2+ 45. Kxc2 Kd6 46. Kd2 Ke5 47. Ke3 Kf5 48. a4 b6 1/2-1/2

[Event "Wch U14"]
[Site "Maribor"]
[Date "2012.11.18"]
[Round "11.40"]
[White "Arcuti, Davide"]
[Black "Lee, Deon"]
[Result "1-0"]
[WhiteElo "2055"]
[BlackElo "1842"]
[PlyCount "101"]
[EventDate "2012.11.08"]
[EventType "swiss"]
[EventRounds "11"]
[EventCountry "SLO"]
[SourceTitle "EXT 2013"]
[Source "ChessBase"]
[SourceDate "2012.11.22"]
[SourceVersion "1"]
[SourceVersionDate "2012.11.22"]
[SourceQuality "1"]

1. d4 Nf6 2. c4 e6 3. Nc3 Bb4 4. Qc2 0-0 5. a3 Bxc3+ 6. Qxc3 Ne4 7. Qc2 f5 8. Nf3 b6 9. g3 Bb7 10. Bg2 d6 11. Ng5 Qf6 12. 0-0 d5 13. Nxe4 dxe4 14. e3 Nd7 15. b4 g5 16. f4 g4 17. Bb2 Qg6 18. Rfd1 h5 19. Rac1 c6 20. a4 Rf7 21. b5 c5 22. d5 exd5 23. cxd5 Rh7 24. d6 h4 25. Bf1 hxg3 26. hxg3 Qh5 27. Qg2 a6 28. Kf2 Qh2 29. Bc4+ Kf8 30. Rh1 Qxg2+ 31. Kxg2 Rh3 32. Rxh3 gxh3+ 33. Kxh3 Ke8 34. g4 fxg4+ 35. Kxg4 axb5 36. Bxb5 Ba6 37. Bc6 Rc8 38. Bxe4 Be2+ 39. Kg5 c4 40. Bg6+ Kd8 41. Rh1 Rc5+ 42. f5 Kc8 43. Rh8+ Kb7 44. Rh7 Kc8 45. Be8 Nf8 46. Rf7 Ne6+ 47. Kf6 c3 48. Bd7+ Kb8 49. Bc1 Nd8 50. Rf8 Rd5 51. Rxd8+ 1-0

[Event "Wch U14"]
[Site "Maribor"]
[Date "2012.11.16"]
[Round "9.39"]
[White "Zeynalli, Miradil Mir Kazim"]
[Black "Lee, Deon"]
[Result "1-0"]
[WhiteElo "2027"]
[BlackElo "1842"]
[PlyCount "119"]
[EventDate "2012.11.08"]
[EventType "swiss"]
[EventRounds "11"]
[EventCountry "SLO"]
[SourceTitle "EXT 2013"]
[Source "ChessBase"]
[SourceDate "2012.11.22"]
[SourceVersion "1"]
[SourceVersionDate "2012.11.22"]
[SourceQuality "1"]

1. d4 Nf6 2. c4 e6 3. g3 c5 4. d5 exd5 5. cxd5 d6 6. Nc3 g6 7. Nf3 Bg7 8. Nd2 a6 9. a4 Nbd7 10. e4 0-0 11. Nc4 Nb6 12. Ne3 a5 13. Bg2 Re8 14. 0-0 Bd7 15. h3 Qc7 16. Qc2 Nh5 17. Bd2 Reb8 18. Qd3 Bxc3 19. Qxc3 Nxa4 20. Qc2 b5 21. b3 Nb6 22. Bxa5 Qc8 23. g4 Nf4 24. Bc3 b4 25. Rxa8 Rxa8 26. Ba1 Bb5 27. Rd1 Nd7 28. Bf1 Bxf1 29. Kxf1 Qa6+ 30. Kg1 f6 31. g5 Nxh3+ 32. Kg2 Nf4+ 33. Kf3 fxg5 34. Ng4 Qxa1 35. Rxa1 Rxa1 36. Qb2 Rh1 37. Nf6+ Nxf6 38. Qxf6 Rh3+ 39. Kg4 h6 40. Qd8+ Kg7 41. Qe7+ Kg8 42. Qe8+ Kg7 43. e5 dxe5 44. Qxe5+ Kf7 45. Qc7+ Kf6 46. Qd6+ Kf7 47. Qxc5 Rh4+ 48. Kf3 Rh3+ 49. Ke4 Rxb3 50. d6 Ne6 51. Qa7+ Kg8 52. Qa8+ Kg7 53. Qb7+ Kg8 54. Qc8+ Nf8 55. d7 Rc3 56. Qb8 Rc4+ 57. Kd3 Rc1 58. Kd2 Rf1 59. Ke2 Ra1 60. d8Q 1-0

[Event "Wch U14"]
[Site "Maribor"]
[Date "2012.11.09"]
[Round "2.61"]
[White "Lee, Deon"]
[Black "Ali, Abdulaziz"]
[Result "1-0"]
[WhiteElo "1842"]
[BlackElo "1646"]
[PlyCount "87"]
[EventDate "2012.11.08"]
[EventType "swiss"]
[EventRounds "11"]
[EventCountry "SLO"]
[SourceTitle "EXT 2013"]
[Source "ChessBase"]
[SourceDate "2012.11.22"]
[SourceVersion "1"]
[SourceVersionDate "2012.11.22"]
[SourceQuality "1"]

1. e4 c5 2. Nf3 Nc6 3. Bb5 d6 4. d4 cxd4 5. Nxd4 Bd7 6. Bxc6 bxc6 7. 0-0 g6 8. Re1 Bg7 9. c3 c5 10. Nf3 Bc6 11. Nbd2 Qc7 12. Qe2 Qb7 13. Rb1 Bb5 14. c4 Bc6 15. b3 Nh6 16. h3 f6 17. Bb2 Qa6 18. Bc3 Nf7 19. Nf1 Rb8 20. N3d2 Bh6 21. Ne3 0-0 22. Nd5 Rb7 23. Nf1 Kg7 24. Nh2 Rh8 25. Ng4 Bg5 26. g3 h5 27. Nh2 h4 28. g4 Bh6 29. Rf1 Ng5 30. Kg2 Ne6 31. Qc2 Bxd5 32. exd5 Nf4+ 33. Kh1 Nxh3 34. Rbe1 Bf4 35. Re4 Bxh2 36. Kxh2 Ng5 37. Re3 Qb6 38. f4 Nf7 39. g5 Qd8 40. Re6 Rg8 41. gxf6+ Kf8 42. Rfe1 exf6 43. Bxf6 Qc8 44. Qe4 1-0